000 03678cam a2200481 a 4500
001 ocn157011428
003 OCoLC
005 20250131161451.0
006 m o d
007 cr cn|||||||||
008 070727s2005 ne ab ob 001 0 eng d
020 _a9780080523811
_q(electronic)
020 _a0080523811
_q(electronic)
020 _a9780080443812
_q(electronic bk.)
020 _a0080443818
_q(electronic bk.)
020 _z0080445683
_q(v. 1)
020 _z9780080445687
_q(v. 1)
020 _z0080445691
_q(v. 2)
020 _z9780080445694
_q(v. 2)
040 _aKO
_beng
041 0 _aeng
082 0 4 _a627.98
_222
245 0 0 _aHandbook of offshore engineering /
_c[edited by] Subrata K. Chakrabarti.
260 _aAmsterdam ;
_aLondon :
_bElsevier,
_c2005.
300 _a1 online resource (2 volumes (xx, 1278 pages)) :
_billustrations (some color), maps : digital, HTML and PDF files
338 _aonline resource
490 1 _aElsevier Ocean Engineering Series
504 _aIncludes bibliographical references and index.
505 0 _aHistorical Development of Offshore Structures; Novel and Marginal Offshore Structures; Ocean Environment; Loads and Responses; Statistical Design of Offshore Structure; Fixed Structure Design; Floating Structure Design; Mooring, Cables & Anchoring; Drilling & Production Risers & Tendon Systems; Topside Structure; Pipeline Design ; Design for Reliability: Human and Organizational Factors; Physical Modeling of Offshore Structures; Installation & Field Operations; Materials for Offshore Applications; Geophysical and Geotechnical Design.
520 _a* Each chapter is written by one or more invited world-renowned experts * Information provided in handy reference tables and design charts * Numerous examples demonstrate how the theory outlined in the book is applied in the design of structures Tremendous strides have been made in the last decades in the advancement of offshore exploration and production of minerals. This book fills the need for a practical reference work for the state-of-the-art in offshore engineering. All the basic background material and its application in offshore engineering is covered. Particular emphasis is placed in the application of the theory to practical problems. It includes the practical aspects of the offshore structures with handy design guides, simple description of the various components of the offshore engineering and their functions. The primary purpose of the book is to provide the important practical aspects of offshore engineering without going into the nitty-gritty of the actual detailed design. Provides all the important practical aspects of ocean engineering without going into the nitty-gritty' of actual design details Simple to use - with handy design guides, references tables and charts Numerous examples demonstrate how theory is applied in the design of structures.
540 _aRestricted: Printing from this resource is governed by The Legal Deposit Libraries (Non-Print Works) Regulations (UK) and UK copyright law currently in force.
_5WlAbNL
650 0 _aOffshore structures.
650 6 _aStructures offshore.
_0(CaQQLa)201-0052398
650 7 _aTECHNOLOGY & ENGINEERING
_xNanotechnology & MEMS.
_2bisacsh
650 7 _aOffshore structures
_2fast
_0(OCoLC)fst01044386
700 1 _aChakrabarti, Subrata K.
_q(Subrata Kumar),
_d1941-
_1https://id.oclc.org/worldcat/entity/E39PCjFxkxyXFWmp9rRRTGDYHd
830 0 _aElsevier Ocean Engineering Series.
856 4 0 _3ScienceDirect
_uhttps://www.sciencedirect.com/science/book/9780080443812
904 _aRUDRA_R
905 _aR_RANJAN
942 _2ddc
_cEB
999 _c3270
_d3270